[Event "Reykjavik Open 2025"]
[Site "Reykjavik, Iceland"]
[Date "2025.04.10"]
[Round "3.38"]
[White "Dushyant Sharma"]
[Black "Cornette, Matthieu"]
[Result "1-0"]
[WhiteElo "2313"]
[BlackElo "2528"]
[PlyCount "41"]
[EventDate "2025.??.??"]
[TimeControl "90+30"]
[WhiteClock "0:31:31"]
[BlackClock "0:24:50"]

1. e4 {[%emt 0:00:00]} c5 {[%emt 0:00:00]} 2. Nf3 {[%emt 0:00:00]} Nc6 {
[%emt 0:00:00]} 3. d4 {[%emt 0:00:00]} cxd4 {[%emt 0:00:00]} 4. Nxd4 {[%emt 0:
00:00]} e5 {[%emt 0:00:00]} 5. Nb5 {[%emt 0:00:00]} d6 {[%emt 0:00:00]} 6. N1c3
{[%emt 0:00:00]} a6 {[%emt 0:00:00]} 7. Na3 {[%emt 0:00:00]} Be6 {[%emt 0:00:
00]} 8. Be3 {[%emt 0:00:00]} Nf6 {[%emt 0:00:00]} 9. Nc4 {[%emt 0:00:00]} b5 {
[%emt 0:00:00]} 10. Nb6 {[%emt 0:00:00]} Rb8 {[%emt 0:00:00]} 11. a4 {[%emt 0:
00:00]} Ng4 {[%emt 0:00:00]} 12. axb5 {[%emt 0:00:00]} Nxe3 {[%emt 0:00:00]}
13. fxe3 {[%emt 0:00:00]} Qxb6 {[%emt 0:00:00]} 14. bxc6 {[%emt 0:00:00]} Qxe3+
{[%emt 0:00:00]} 15. Qe2 {[%emt 0:00:00]} Qc5 {[%emt 0:00:00]} 16. Qxa6 {
[%emt 0:00:00]} Be7 {[%emt 0:00:00]} 17. Qa7 {[%emt 0:00:00]} O-O {[%emt 0:00:
00]} 18. Qxc5 {[%emt 0:00:00]} dxc5 {[%emt 0:00:00]} 19. Nd5 {[%emt 0:00:00]}
Bxd5 {[%emt 0:00:00]} 20. exd5 {[%emt 0:00:00]} Rxb2 {[%emt 0:00:00]} 21. d6 {
[%emt 0:00:00]} 1-0

[Event "Reykjavik Open 2025"]
[Site "Reykjavik, Iceland"]
[Date "2025.04.10"]
[Round "3.39"]
[White "Briem, Benedikt"]
[Black "Papp, Gabor"]
[Result "1/2-1/2"]
[WhiteElo "2249"]
[BlackElo "2502"]
[PlyCount "251"]
[EventDate "2025.??.??"]
[TimeControl "90+30"]
[WhiteClock "0:00:05"]
[BlackClock "0:02:38"]

1. d4 {[%emt 0:00:00]} Nf6 {[%emt 0:00:00]} 2. c4 {[%emt 0:00:00]} e6 {[%emt 0:
00:00]} 3. Nf3 {[%emt 0:00:00]} d5 {[%emt 0:00:00]} 4. g3 {[%emt 0:00:00]} Be7
{[%emt 0:00:00]} 5. Bg2 {[%emt 0:00:00]} O-O {[%emt 0:00:00]} 6. O-O {[%emt 0:
00:00]} a5 {[%emt 0:00:00]} 7. Ne5 {[%emt 0:00:00]} c6 {[%emt 0:00:00]} 8. Nc3
{[%emt 0:00:00]} Nfd7 {[%emt 0:00:00]} 9. Nxd7 {[%emt 0:00:00]} Nxd7 {[%emt 0:
00:00]} 10. Qd3 {[%emt 0:00:00]} b6 {[%emt 0:00:00]} 11. b3 {[%emt 0:00:00]}
Ba6 {[%emt 0:00:00]} 12. Rd1 {[%emt 0:00:00]} Rc8 {[%emt 0:00:00]} 13. Bb2 {
[%emt 0:00:00]} Qc7 {[%emt 0:00:00]} 14. Rac1 {[%emt 0:00:00]} Rfd8 {[%emt 0:
00:00]} 15. e4 {[%emt 0:00:00]} dxc4 {[%emt 0:00:00]} 16. Qe2 {[%emt 0:00:00]}
b5 {[%emt 0:00:00]} 17. bxc4 {[%emt 0:00:00]} bxc4 {[%emt 0:00:00]} 18. f4 {
[%emt 0:00:00]} Rb8 {[%emt 0:00:00]} 19. Ba1 {[%emt 0:00:00]} Nb6 {[%emt 0:00:
00]} 20. Qg4 {[%emt 0:00:00]} Bf8 {[%emt 0:00:00]} 21. Kh1 {[%emt 0:00:00]} Bc8
{[%emt 0:00:00]} 22. Qh5 {[%emt 0:00:00]} f5 {[%emt 0:00:00]} 23. exf5 {
[%emt 0:00:00]} exf5 {[%emt 0:00:00]} 24. Qe2 {[%emt 0:00:00]} Qf7 {[%emt 0:00:
00]} 25. Bxc6 {[%emt 0:00:00]} Bb7 {[%emt 0:00:00]} 26. Qf3 {[%emt 0:00:00]}
Bxc6 {[%emt 0:00:00]} 27. Qxc6 {[%emt 0:00:00]} Rd6 {[%emt 0:00:00]} 28. Qb5 {
[%emt 0:00:00]} Qh5 {[%emt 0:00:00]} 29. Kg2 {[%emt 0:00:00]} Rh6 {[%emt 0:00:
26]} 30. h4 {[%emt 0:00:00]} Rg6 {[%emt 0:00:46]} 31. Rf1 {[%emt 0:00:00]} Qxh4
{[%emt 0:01:42]} 32. Rf3 {[%emt 0:00:00]} Qf6 {[%emt 0:01:40]} 33. Nd5 {
[%emt 0:03:19]} Qe6 {[%emt 0:05:13]} 34. Ne3 {[%emt 0:04:24]} Rd8 {[%emt 0:01:
29]} 35. Qxf5 {[%emt 0:04:36]} Qc6 {[%emt 0:00:12]} 36. Rc2 {[%emt 0:04:15]}
Nd5 {[%emt 0:01:58]} 37. Nxd5 {[%emt 0:01:02]} Rxd5 {[%emt 0:00:07]} 38. Qe4 {
[%emt 0:00:22]} Rh6 {[%emt 0:03:09]} 39. f5 {[%emt 0:01:13]} Qb5 {[%emt 0:02:
27]} 40. a4 {[%emt 0:01:32]} Qc6 {[%emt 0:01:35]} 41. Bb2 {[%emt 0:00:00]} Rf6
{[%emt 0:00:00]} 42. Bc1 {[%emt 0:00:00]} Rf7 {[%emt 0:00:00]} 43. Rfc3 {
[%emt 0:00:00]} Rfxf5 {[%emt 0:00:00]} 44. Rxc4 {[%emt 0:00:00]} Qg6 {[%emt 0:
00:00]} 45. Re2 {[%emt 0:00:00]} Rd6 {[%emt 0:00:00]} 46. Qe8 {[%emt 0:02:27]}
Rf7 {[%emt 0:00:00]} 47. Qe4 {[%emt 0:00:38]} Re7 {[%emt 0:00:00]} 48. Qxg6 {
[%emt 0:01:04]} Rxe2+ {[%emt 0:00:00]} 49. Kf3 {[%emt 0:00:14]} Rxg6 {[%emt 0:
00:00]} 50. Kxe2 {[%emt 0:00:05]} Rxg3 {[%emt 0:00:00]} 51. Bd2 {[%emt 0:00:36]
} Rg2+ {[%emt 0:00:00]} 52. Ke1 {[%emt 0:00:52]} h5 {[%emt 0:00:00]} 53. d5 {
[%emt 0:00:45]} g5 {[%emt 0:00:00]} 54. Bxa5 {[%emt 0:00:26]} h4 {[%emt 0:00:
00]} 55. Kf1 {[%emt 0:00:22]} h3 {[%emt 0:00:00]} 56. Bc7 {[%emt 0:00:17]} Rd2
{[%emt 0:00:00]} 57. Rc3 {[%emt 0:00:58]} g4 {[%emt 0:00:00]} 58. Rg3 {[%emt 0:
00:28]} Rd1+ {[%emt 0:00:05]} 59. Ke2 {[%emt 0:00:24]} Rd4 {[%emt 0:00:03]} 60.
Rd3 {[%emt 0:00:39]} Rxa4 {[%emt 0:00:29]} 61. Kf2 {[%emt 0:00:22]} Ra2+ {
[%emt 0:00:30]} 62. Kg1 {[%emt 0:00:33]} Bc5+ {[%emt 0:01:49]} 63. Kh1 {
[%emt 0:00:33]} Ra1+ {[%emt 0:05:33]} 64. Kh2 {[%emt 0:00:01]} Bg1+ {[%emt 0:
00:07]} 65. Kg3 {[%emt 0:00:01]} h2 {[%emt 0:00:08]} 66. Kg2 {[%emt 0:00:01]}
h1=Q+ {[%emt 0:00:09]} 67. Kxh1 {[%emt 0:00:02]} Bb6+ {[%emt 0:00:05]} 68. Kg2
{[%emt 0:00:05]} Bxc7 {[%emt 0:00:09]} 69. d6 {[%emt 0:00:34]} Bd8 {[%emt 0:00:
08]} 70. Rd4 {[%emt 0:00:19]} Kf7 {[%emt 0:00:47]} 71. Rxg4 {[%emt 0:00:10]}
Rd1 {[%emt 0:00:14]} 72. Kf3 {[%emt 0:00:50]} Bf6 {[%emt 0:00:05]} 73. Ra4 {
[%emt 0:00:34]} Ke6 {[%emt 0:00:33]} 74. d7 {[%emt 0:00:32]} Rxd7 {[%emt 0:00:
26]} 75. Ra6+ {[%emt 0:01:20]} Kf5 {[%emt 0:00:05]} 76. Ra5+ {[%emt 0:00:24]}
Be5 {[%emt 0:00:04]} 77. Ke3 {[%emt 0:00:15]} Rh7 {[%emt 0:00:01]} 78. Ra8 {
[%emt 0:00:51]} Rh3+ {[%emt 0:00:04]} 79. Kd2 {[%emt 0:00:48]} Ke4 {[%emt 0:00:
03]} 80. Kc2 {[%emt 0:00:59]} Rh2+ {[%emt 0:01:28]} 81. Kb3 {[%emt 0:00:47]}
Rb2+ {[%emt 0:00:48]} 82. Kc4 {[%emt 0:00:17]} Rc2+ {[%emt 0:00:02]} 83. Kb4 {
[%emt 0:00:59]} Bd6+ {[%emt 0:01:11]} 84. Kb3 {[%emt 0:00:21]} Kd3 {[%emt 0:00:
03]} 85. Ra7 {[%emt 0:00:43]} Rc3+ {[%emt 0:01:52]} 86. Kb2 {[%emt 0:00:34]}
Rc6 {[%emt 0:01:39]} 87. Rb7 {[%emt 0:00:21]} Be5+ {[%emt 0:00:44]} 88. Kb3 {
[%emt 0:00:38]} Rc1 {[%emt 0:00:02]} 89. Ka4 {[%emt 0:00:13]} Bd4 {[%emt 0:00:
27]} 90. Rb3+ {[%emt 0:00:19]} Kc4 {[%emt 0:00:15]} 91. Rb4+ {[%emt 0:00:23]}
Kd5 {[%emt 0:00:03]} 92. Kb5 {[%emt 0:00:41]} Rc8 {[%emt 0:01:02]} 93. Ka4 {
[%emt 0:00:38]} Bc5 {[%emt 0:00:34]} 94. Rb5 {[%emt 0:00:41]} Ra8+ {[%emt 0:00:
11]} 95. Ra5 {[%emt 0:00:13]} Rg8 {[%emt 0:00:03]} 96. Rb5 {[%emt 0:00:27]}
Rg4+ {[%emt 0:00:13]} 97. Ka5 {[%emt 0:00:51]} Kc6 {[%emt 0:03:17]} 98. Ka6 {
[%emt 0:00:10]} Ra4+ {[%emt 0:00:10]} 99. Ra5 {[%emt 0:00:06]} Rb4 {[%emt 0:00:
03]} 100. Rb5 {[%emt 0:00:43]} Ra4+ {[%emt 0:00:04]} 101. Ra5 {[%emt 0:00:04]}
Rh4 {[%emt 0:00:33]} 102. Rb5 {[%emt 0:00:10]} Rh8 {[%emt 0:01:32]} 103. Rb6+ {
[%emt 0:00:12]} Kd5 {[%emt 0:00:04]} 104. Rb7 {[%emt 0:00:40]} Kc4 {[%emt 0:00:
29]} 105. Rd7 {[%emt 0:00:44]} Rb8 {[%emt 0:00:21]} 106. Rc7 {[%emt 0:01:20]}
Rb1 {[%emt 0:01:05]} 107. Rc6 {[%emt 0:00:55]} Ra1+ {[%emt 0:00:52]} 108. Kb7 {
[%emt 0:00:05]} Ra7+ {[%emt 0:01:13]} 109. Kc8 {[%emt 0:00:07]} Rg7 {[%emt 0:
01:13]} 110. Rc7 {[%emt 0:00:19]} Rg6 {[%emt 0:00:07]} 111. Rd7 {[%emt 0:00:38]
} Bd6 {[%emt 0:00:06]} 112. Rd8 {[%emt 0:00:51]} Kd5 {[%emt 0:00:08]} 113. Rd7
{[%emt 0:00:55]} Rg8+ {[%emt 0:00:11]} 114. Rd8 {[%emt 0:00:07]} Rg2 {[%emt 0:
00:05]} 115. Rd7 {[%emt 0:00:25]} Ra2 {[%emt 0:01:16]} 116. Rb7 {[%emt 0:00:47]
} Ke6 {[%emt 0:00:18]} 117. Rb5 {[%emt 0:00:33]} Ra7 {[%emt 0:00:04]} 118. Rb6
{[%emt 0:00:42]} Rc7+ {[%emt 0:01:25]} 119. Kb8 {[%emt 0:00:20]} Kd5 {[%emt 0:
00:01]} 120. Ka8 {[%emt 0:00:29]} Rh7 {[%emt 0:01:42]} 121. Rb7 {[%emt 0:00:22]
} Rh1 {[%emt 0:00:38]} 122. Rb6 {[%emt 0:00:40]} Kc5 {[%emt 0:00:01]} 123. Ra6
{[%emt 0:00:30]} Rh7 {[%emt 0:00:33]} 124. Ra4 {[%emt 0:00:23]} Rh8+ {[%emt 0:
00:23]} 125. Kb7 {[%emt 0:01:12]} Kb5 {[%emt 0:00:30]} 126. Rg4 {[%emt 0:00:38]
} 1/2-1/2

[Event "Reykjavik Open 2025"]
[Site "Reykjavik, Iceland"]
[Date "2025.04.10"]
[Round "3.40"]
[White "Zierk, Steven"]
[Black "Gajcin, Marina"]
[Result "1-0"]
[WhiteElo "2501"]
[BlackElo "2217"]
[PlyCount "109"]
[EventDate "2025.??.??"]
[TimeControl "90+30"]
[WhiteClock "0:23:44"]
[BlackClock "0:11:28"]

1. e4 {[%emt 0:00:00]} c5 {[%emt 0:00:00]} 2. Nf3 {[%emt 0:00:00]} Nc6 {
[%emt 0:00:00]} 3. Bb5 {[%emt 0:00:00]} Nf6 {[%emt 0:00:00]} 4. Bxc6 {[%emt 0:
00:00]} dxc6 {[%emt 0:00:00]} 5. d3 {[%emt 0:00:00]} Qc7 {[%emt 0:00:00]} 6.
Nbd2 {[%emt 0:00:00]} e5 {[%emt 0:00:00]} 7. O-O {[%emt 0:00:00]} b5 {[%emt 0:
00:00]} 8. b3 {[%emt 0:00:00]} Be7 {[%emt 0:00:00]} 9. Bb2 {[%emt 0:00:00]} Nd7
{[%emt 0:00:00]} 10. Re1 {[%emt 0:00:00]} Rb8 {[%emt 0:00:00]} 11. Nf1 {
[%emt 0:00:00]} O-O {[%emt 0:00:00]} 12. Ne3 {[%emt 0:00:00]} Re8 {[%emt 0:00:
00]} 13. a4 {[%emt 0:00:00]} a6 {[%emt 0:00:00]} 14. Kh1 {[%emt 0:00:00]} f6 {
[%emt 0:00:00]} 15. g4 {[%emt 0:00:00]} c4 {[%emt 0:00:00]} 16. dxc4 {[%emt 0:
00:00]} bxa4 {[%emt 0:00:00]} 17. Rxa4 {[%emt 0:00:00]} Nc5 {[%emt 0:00:00]}
18. Ra1 {[%emt 0:00:00]} Nxe4 {[%emt 0:00:00]} 19. Qe2 {[%emt 0:00:00]} Bc5 {
[%emt 0:00:00]} 20. Rg1 {[%emt 0:00:00]} Qb6 {[%emt 0:00:00]} 21. Rae1 {
[%emt 0:00:00]} Bxe3 {[%emt 0:00:00]} 22. fxe3 {[%emt 0:00:00]} c5 {[%emt 0:00:
00]} 23. h3 {[%emt 0:00:00]} Qe6 {[%emt 0:00:00]} 24. Kh2 {[%emt 0:00:00]} h5 {
[%emt 0:00:00]} 25. Qf1 {[%emt 0:00:00]} hxg4 {[%emt 0:00:00]} 26. Rxg4 {
[%emt 0:00:00]} Qc6 {[%emt 0:02:39]} 27. Rg1 {[%emt 0:00:00]} Bb7 {[%emt 0:03:
35]} 28. Re2 {[%emt 0:00:00]} Rbd8 {[%emt 0:00:11]} 29. Nh4 {[%emt 0:00:00]}
Ng5 {[%emt 0:02:35]} 30. e4 {[%emt 0:00:00]} Nxe4 {[%emt 0:02:50]} 31. Bc1 {
[%emt 0:00:00]} Rd7 {[%emt 0:02:20]} 32. Nf5 {[%emt 0:03:07]} Ng5 {[%emt 0:01:
07]} 33. Bxg5 {[%emt 0:01:03]} fxg5 {[%emt 0:00:03]} 34. Rxg5 {[%emt 0:00:05]}
Qf6 {[%emt 0:01:49]} 35. h4 {[%emt 0:01:16]} Rd4 {[%emt 0:00:41]} 36. Qg1 {
[%emt 0:09:35]} Rf4 {[%emt 0:00:08]} 37. Rf2 {[%emt 0:02:05]} Rxf2+ {[%emt 0:
00:40]} 38. Qxf2 {[%emt 0:00:02]} Rf8 {[%emt 0:00:41]} 39. Qxc5 {[%emt 0:01:51]
} Be4 {[%emt 0:00:15]} 40. Ne7+ {[%emt 0:00:34]} Kf7 {[%emt 0:01:19]} 41. Nd5 {
[%emt 0:00:00]} Qh6 {[%emt 0:00:00]} 42. Kg3 {[%emt 0:00:00]} Kg8 {[%emt 0:00:
00]} 43. Ne7+ {[%emt 0:00:00]} Kh7 {[%emt 0:00:00]} 44. Qxe5 {[%emt 0:00:00]}
Rf3+ {[%emt 0:00:00]} 45. Kg4 {[%emt 0:00:00]} Re3 {[%emt 0:00:00]} 46. Nf5 {
[%emt 0:00:00]} Bf3+ {[%emt 0:00:00]} 47. Kf4 {[%emt 0:00:00]} Rxe5 {[%emt 0:
00:00]} 48. Nxh6 {[%emt 0:00:00]} Rxg5 {[%emt 0:00:00]} 49. hxg5 {[%emt 0:00:
00]} Bd1 {[%emt 0:00:00]} 50. Nf5 {[%emt 0:00:00]} Bxc2 {[%emt 0:00:00]} 51.
Nd4 {[%emt 0:00:00]} Bd3 {[%emt 0:00:00]} 52. c5 {[%emt 0:00:00]} Bf1 {[%emt 0:
00:00]} 53. c6 {[%emt 0:00:00]} Kg6 {[%emt 0:00:00]} 54. Nf5 {[%emt 0:00:00]}
Bh3 {[%emt 0:00:00]} 55. Nd6 {[%emt 0:00:00]} 1-0

[Event "Reykjavik Open 2025"]
[Site "Reykjavik, Iceland"]
[Date "2025.04.10"]
[Round "3.41"]
[White "Nissinen, Niilo Man"]
[Black "Bailet, Pierre"]
[Result "1/2-1/2"]
[WhiteElo "2268"]
[BlackElo "2495"]
[PlyCount "71"]
[EventDate "2025.??.??"]
[TimeControl "90+30"]
[WhiteClock "0:05:15"]
[BlackClock "0:03:37"]

1. e4 {[%emt 0:00:00]} e5 {[%emt 0:00:00]} 2. Nf3 {[%emt 0:00:00]} Nc6 {
[%emt 0:00:00]} 3. Nc3 {[%emt 0:00:00]} Nf6 {[%emt 0:00:00]} 4. Bb5 {[%emt 0:
00:00]} Bc5 {[%emt 0:00:00]} 5. O-O {[%emt 0:00:00]} O-O {[%emt 0:00:00]} 6.
Nxe5 {[%emt 0:00:00]} Nxe5 {[%emt 0:00:00]} 7. d4 {[%emt 0:00:00]} Bd6 {
[%emt 0:00:00]} 8. f4 {[%emt 0:00:00]} Nc6 {[%emt 0:00:00]} 9. e5 {[%emt 0:00:
00]} Be7 {[%emt 0:00:00]} 10. exf6 {[%emt 0:00:00]} Bxf6 {[%emt 0:00:00]} 11.
d5 {[%emt 0:00:00]} Ne7 {[%emt 0:00:00]} 12. Ne4 {[%emt 0:00:00]} Nxd5 {
[%emt 0:00:00]} 13. Qxd5 {[%emt 0:00:00]} c6 {[%emt 0:00:00]} 14. Qd3 {[%emt 0:
00:00]} cxb5 {[%emt 0:00:00]} 15. Qxb5 {[%emt 0:00:00]} Bd4+ {[%emt 0:00:00]}
16. Kh1 {[%emt 0:00:00]} d5 {[%emt 0:00:00]} 17. Ng3 {[%emt 0:00:00]} Qb6 {
[%emt 0:00:00]} 18. Qxd5 {[%emt 0:00:00]} Be6 {[%emt 0:00:00]} 19. Qf3 {
[%emt 0:00:00]} Rad8 {[%emt 0:00:00]} 20. c3 {[%emt 0:00:00]} Bf6 {[%emt 0:00:
00]} 21. Nh5 {[%emt 0:00:00]} Bc4 {[%emt 0:00:00]} 22. Be3 {[%emt 0:00:00]} Qa6
{[%emt 0:00:00]} 23. Nxf6+ {[%emt 0:00:00]} Qxf6 {[%emt 0:00:00]} 24. Rfd1 {
[%emt 0:00:00]} b6 {[%emt 0:00:00]} 25. f5 {[%emt 0:00:00]} Rxd1+ {[%emt 0:04:
45]} 26. Rxd1 {[%emt 0:00:00]} Bxa2 {[%emt 0:01:56]} 27. Ra1 {[%emt 0:00:00]}
Bc4 {[%emt 0:01:10]} 28. Rxa7 {[%emt 0:00:00]} h6 {[%emt 0:00:16]} 29. Qe4 {
[%emt 0:00:00]} b5 {[%emt 0:02:52]} 30. h4 {[%emt 0:00:00]} Qd6 {[%emt 0:04:05]
} 31. Bd4 {[%emt 0:01:22]} f6 {[%emt 0:00:01]} 32. Qg4 {[%emt 0:02:27]} Rf7 {
[%emt 0:00:07]} 33. Ra8+ {[%emt 0:02:14]} Rf8 {[%emt 0:00:04]} 34. Ra7 {
[%emt 0:02:29]} Rf7 {[%emt 0:00:05]} 35. Ra8+ {[%emt 0:05:00]} Rf8 {[%emt 0:00:
02]} 36. Ra7 {[%emt 0:00:43]} 1/2-1/2

[Event "Reykjavik Open 2025"]
[Site "Reykjavik, Iceland"]
[Date "2025.04.10"]
[Round "3.44"]
[White "Martin, Nils"]
[Black "Gunnarsson, Jon Viktor"]
[Result "0-1"]
[WhiteElo "2181"]
[BlackElo "2439"]
[PlyCount "56"]
[EventDate "2025.??.??"]
[TimeControl "90+30"]
[WhiteClock "0:41:53"]
[BlackClock "0:24:31"]

1. e4 {[%emt 0:00:00]} c5 {[%emt 0:00:00]} 2. Nf3 {[%emt 0:00:00]} d6 {[%emt 0:
00:00]} 3. d4 {[%emt 0:00:00]} cxd4 {[%emt 0:00:00]} 4. Nxd4 {[%emt 0:00:00]}
Nf6 {[%emt 0:00:00]} 5. Nc3 {[%emt 0:00:00]} g6 {[%emt 0:00:00]} 6. Be3 {
[%emt 0:00:00]} Bg7 {[%emt 0:00:00]} 7. f3 {[%emt 0:00:00]} a6 {[%emt 0:00:00]}
8. g4 {[%emt 0:00:00]} b5 {[%emt 0:00:00]} 9. g5 {[%emt 0:00:00]} Nfd7 {
[%emt 0:00:00]} 10. a4 {[%emt 0:00:00]} bxa4 {[%emt 0:00:00]} 11. h4 {[%emt 0:
00:00]} Nc5 {[%emt 0:00:00]} 12. h5 {[%emt 0:00:00]} e6 {[%emt 0:00:00]} 13.
Qd2 {[%emt 0:00:00]} Bd7 {[%emt 0:00:00]} 14. Qh2 {[%emt 0:00:00]} Qb6 {
[%emt 0:00:00]} 15. O-O-O {[%emt 0:00:00]} a3 {[%emt 0:00:00]} 16. bxa3 {
[%emt 0:00:00]} Nc6 {[%emt 0:00:00]} 17. hxg6 {[%emt 0:00:00]} fxg6 {[%emt 0:
00:00]} 18. Nde2 {[%emt 0:00:00]} Ne5 {[%emt 0:00:00]} 19. Bd4 {[%emt 0:00:00]}
Rb8 {[%emt 0:00:00]} 20. Bxe5 {[%emt 0:00:00]} Bxe5 {[%emt 0:00:00]} 21. f4 {
[%emt 0:00:00]} Qb2+ {[%emt 0:00:00]} 22. Kd2 {[%emt 0:00:00]} Bxc3+ {[%emt 0:
00:00]} 23. Nxc3 {[%emt 0:00:00]} Nb3+ {[%emt 0:00:00]} 24. Kd3 {[%emt 0:00:00]
} Rc8 {[%emt 0:00:00]} 25. Nb1 {[%emt 0:00:00]} Qd4+ {[%emt 0:00:00]} 26. Ke2 {
[%emt 0:00:00]} Rxc2+ {[%emt 0:00:00]} 27. Ke1 {[%emt 0:00:00]} Qe3+ {[%emt 0:
00:00]} 28. Be2 {[%emt 0:00:00]} Bc8 {[%emt 0:00:00]} 0-1

[Event "Reykjavik Open 2025"]
[Site "Reykjavik, Iceland"]
[Date "2025.04.11"]
[Round "4.4"]
[White "Gupta, Abhijeet"]
[Black "Garifullina, Leya"]
[Result "1-0"]
[WhiteElo "2576"]
[BlackElo "2459"]
[PlyCount "115"]
[EventDate "2025.??.??"]
[TimeControl "90+30"]
[WhiteClock "0:17:02"]
[BlackClock "0:10:16"]

1. d4 {[%emt 0:00:00]} Nf6 {[%emt 0:00:00]} 2. c4 {[%emt 0:00:00]} e6 {[%emt 0:
00:00]} 3. Bf4 {[%emt 0:00:00]} d5 {[%emt 0:00:00]} 4. cxd5 {[%emt 0:00:00]}
exd5 {[%emt 0:00:00]} 5. e3 {[%emt 0:00:00]} Bd6 {[%emt 0:00:00]} 6. Bxd6 {
[%emt 0:00:00]} Qxd6 {[%emt 0:00:00]} 7. Bd3 {[%emt 0:00:00]} Bg4 {[%emt 0:00:
00]} 8. Ne2 {[%emt 0:00:00]} Bxe2 {[%emt 0:00:00]} 9. Qxe2 {[%emt 0:00:00]} O-O
{[%emt 0:00:00]} 10. Nc3 {[%emt 0:00:00]} Nbd7 {[%emt 0:00:00]} 11. O-O {
[%emt 0:00:00]} c5 {[%emt 0:00:00]} 12. dxc5 {[%emt 0:00:00]} Nxc5 {[%emt 0:00:
00]} 13. Rad1 {[%emt 0:00:00]} Qe5 {[%emt 0:00:00]} 14. Bb1 {[%emt 0:00:00]}
Rac8 {[%emt 0:00:00]} 15. h3 {[%emt 0:00:00]} Rfd8 {[%emt 0:00:00]} 16. Qb5 {
[%emt 0:00:00]} Rd6 {[%emt 0:00:00]} 17. Rd4 {[%emt 0:00:00]} Rb6 {[%emt 0:00:
00]} 18. Qe2 {[%emt 0:00:00]} g6 {[%emt 0:00:00]} 19. Rfd1 {[%emt 0:00:00]} Ne6
{[%emt 0:00:00]} 20. R4d2 {[%emt 0:00:00]} Nc7 {[%emt 0:00:00]} 21. a4 {
[%emt 0:00:00]} Kg7 {[%emt 0:00:00]} 22. Ba2 {[%emt 0:00:00]} Re8 {[%emt 0:00:
00]} 23. Rd3 {[%emt 0:00:00]} Ne6 {[%emt 0:00:00]} 24. a5 {[%emt 0:00:00]} Rb4
{[%emt 0:00:00]} 25. Qd2 {[%emt 0:00:00]} d4 {[%emt 0:00:00]} 26. Bxe6 {
[%emt 0:00:00]} Rxe6 {[%emt 0:00:52]} 27. Ne2 {[%emt 0:04:32]} Qxa5 {[%emt 0:
00:29]} 28. Nxd4 {[%emt 0:00:11]} Re7 {[%emt 0:02:55]} 29. b3 {[%emt 0:02:37]}
Qb6 {[%emt 0:00:52]} 30. Qb2 {[%emt 0:00:32]} Qc5 {[%emt 0:03:47]} 31. Rc3 {
[%emt 0:00:40]} Qb6 {[%emt 0:03:03]} 32. Rdc1 {[%emt 0:01:34]} Qd6 {[%emt 0:01:
08]} 33. Rd3 {[%emt 0:02:37]} Qa6 {[%emt 0:00:59]} 34. Rd2 {[%emt 0:02:28]} Qb6
{[%emt 0:01:08]} 35. Qa1 {[%emt 0:00:48]} a6 {[%emt 0:01:25]} 36. Rc8 {[%emt 0:
00:30]} Rc7 {[%emt 0:01:10]} 37. Rd8 {[%emt 0:01:04]} Re7 {[%emt 0:01:19]} 38.
Rd6 {[%emt 0:01:22]} Qxd6 {[%emt 0:00:34]} 39. Nf5+ {[%emt 0:00:04]} gxf5 {
[%emt 0:00:05]} 40. Rxd6 {[%emt 0:00:02]} Re6 {[%emt 0:00:03]} 41. Rd5 {
[%emt 0:01:25]} Kg6 {[%emt 0:00:32]} 42. Rd3 {[%emt 0:00:00]} Rb5 {[%emt 0:00:
00]} 43. Qd1 {[%emt 0:00:00]} Reb6 {[%emt 0:00:00]} 44. Qf3 {[%emt 0:00:00]}
Ne4 {[%emt 0:00:00]} 45. Rd8 {[%emt 0:00:00]} h6 {[%emt 0:00:00]} 46. Qf4 {
[%emt 0:00:00]} Rc6 {[%emt 0:00:00]} 47. Qb8 {[%emt 0:00:00]} Kh5 {[%emt 0:00:
00]} 48. Qf4 {[%emt 0:00:00]} Kg6 {[%emt 0:00:00]} 49. Rg8+ {[%emt 0:00:00]}
Kh7 {[%emt 0:00:00]} 50. Qb8 {[%emt 0:00:00]} Rg6 {[%emt 0:00:00]} 51. Rh8+ {
[%emt 0:00:00]} Kg7 {[%emt 0:00:00]} 52. Qf8+ {[%emt 0:00:00]} Kf6 {[%emt 0:00:
00]} 53. Rh7 {[%emt 0:00:00]} Ng5 {[%emt 0:00:00]} 54. Qd8+ {[%emt 0:00:00]}
Ke6 {[%emt 0:00:00]} 55. Rh8 {[%emt 0:00:00]} f4 {[%emt 0:00:00]} 56. Re8+ {
[%emt 0:00:00]} Kf5 {[%emt 0:00:00]} 57. Qd3+ {[%emt 0:00:00]} Kf6 {[%emt 0:00:
00]} 58. Qd4+ {[%emt 0:00:00]} 1-0